[Event "2023 WA Open"]
[Site "Perth AUS"]
[Date "2023.05.21"]
[Round "1.1"]
[White "Gulley,Trent"]
[Black "Gong,Patrick"]
[Result "0-1"]
[BlackElo "2536"]
[BlackFideId "3222500"]
[EventDate "2023.05.21"]
[PlyCount "0"]
[WhiteElo "1839"]
[WhiteFideId "3241670"]

1. d4 Nf6 2. c4 c5 3. Nf3 e6 4. g3 b6 5. Bg2 Bb7 6. O-O cxd4 7. Nxd4 Bxg2 8.
Kxg2 Qc7 9. b3 a6 10. Qd3 d6 11. Nc3 Nbd7 12. Na4 Be7 13. Bb2 O-O 14. Rfd1 Rfd8
15. Qf3 Ne5 16. Qe3 b5 17. cxb5 axb5 18. Nc3 b4 19. Na4 Qb7+ 20. Kg1 Ra5 21. h3
Ng6 22. Rac1 Ra6 23. Rc2 Ne4 24. Nc6 Rxc6 25. Qxe4 d5 26. Qd3 Rxc2 27. Qxc2 Rc8
28. Qd2 h5 29. h4 Qb5 30. Kf1 Rc6 31. Rc1 e5 32. Rxc6 Qxc6 33. Qc1 Qb7 34. Kg1
d4 35. Qc2 Qd7 36. Qe4 Qc7 37. Qa8+ Nf8 38. Qe4 Ne6 39. e3 Qd6 40. exd4 exd4
41. Qd3 g6 42. Bc1 Nd8 43. Bf4 Qd5 44. Nb6 Qc6 45. Nc4 Ne6 46. Bd2 Qa8 47. Qc2
Qc6 48. Qd3 Qd5 49. Nb6 Qa5 50. Na4 Qe5 51. Kg2 Kg7 52. f3 Bd6 53. f4 Qd5+ 54.
Qf3 Qb5 55. Qe4 Kf6 56. Nb2 Qa6 57. Na4 Ke7 58. Kf2 f5 59. Qe2 Qc6 60. Nb2 Qc2
61. Be1 Qc6 62. Nd3 Qb6 63. Nb2 d3+  0-1

[Event "2023 WA Open"]
[Site "Perth AUS"]
[Date "2023.05.21"]
[Round "1.2"]
[White "Hare,Tim"]
[Black "Taylor,Noah"]
[Result "1-0"]
[BlackElo "1771"]
[BlackFideId "3250121"]
[EventDate "2023.05.21"]
[PlyCount "0"]
[WhiteElo "2263"]
[WhiteFideId "4300629"]

1. Nf3 Nc6 2. g3 e5 3. d3 Nf6 4. Bg2 d5 5. O-O Be6 6. Nbd2 h6 7. e4 Qd7 8. c3
Bh3 9. Qe2 Bxg2 10. Kxg2 d4 11. Nc4 Qe6 12. a4 g5 13. Bd2 g4 14. Nh4 Be7 15.
Nf5 O-O-O 16. Rab1 Rdg8 17. b4 h5 18. b5 Nb8 19. cxd4 exd4 20. Nxd4 Qd7 21. Nf5
Ne8 22. Rbc1 h4 23. b6 hxg3 24. fxg3 Bc5 25. bxc7 Na6 26. Be3 Rh3 27. Ne5 Rgh8
28. Nxg4 Nf6 29. Bxc5 Nxc5 30. Rxc5 Nxg4 31. Ne7+ Qxe7 32. Qxg4+ Qe6 33. Qxe6+
fxe6 34. Rh1 R3h5 35. Rxh5 Rxh5 36. Rc1 Ra5 37. Rc4 b5 38. axb5 Rxb5 39. h4 a5
40. Kf3 Rb7 41. h5 a4 42. h6 Rb1 43. h7 Rh1 44. Rxa4 Rxh7 45. Ra8+  1-0

[Event "2023 WA Open"]
[Site "Perth AUS"]
[Date "2023.05.21"]
[Round "1.4"]
[White "Saxon,Marc"]
[Black "Gough,Dylan"]
[Result "1/2-1/2"]
[BlackElo "1745"]
[BlackFideId "3243176"]
[EventDate "2023.05.21"]
[PlyCount "0"]
[WhiteElo "2014"]
[WhiteFideId "3250628"]

1. e4 c5 2. Nf3 Nc6 3. d4 cxd4 4. Nxd4 a6 5. Be3 e5 6. Nb3 Nf6 7. Bc4 Bb4+ 8. c3
Ba5 9. Bg5 d6 10. Na3 Bb6 11. Qf3 Qe7 12. h3 Be6 13. O-O-O O-O-O 14. Bd5 h6 15.
Be3 Bxe3+ 16. Qxe3 Qc7 17. Kb1 Kb8 18. c4 Nd7 19. Bxe6 fxe6 20. c5 d5 21. exd5
exd5 22. Rxd5 Nf6 23. Rxd8+ Rxd8 24. Nc4 Nd4 25. Rd1 Nxb3 26. Rxd8+ Qxd8 27.
Qxe5+ Ka7 28. axb3 Qd1+ 29. Ka2 Nd5 30. Ne3 Nb4+ 31. Ka3 Qd2 32. Qc3 Qxc3 33.
bxc3 Nd3 34. b4 Nxf2 35. Nf5 Ne4 36. Kb3 Kb8 37. Nxg7 Kc7 38. Kc4 Kc6 39. Kd4
Ng5 40. Nf5 Nf7 41. g4 Ng5 42. h4 Nf7 43. Nd6 Nh8 44. h5 b6 45. Ke5 bxc5 46.
bxc5 Kxc5 47. Ne4+ Kc4 48. Nd6+ Kxc3 49. Kf6 a5 50. Kg7 a4 51. Nb5+ Kb4 52. Nd4
Kc4 53. Nc2 Kb3 54. Nd4+ Kc4 55. Nc2 Kb3 56. Nd4+ Kc4  1/2-1/2

[Event "2023 WA Open"]
[Site "Perth AUS"]
[Date "2023.05.21"]
[Round "1.5"]
[White "Huang,Hui"]
[Black "Spirin, Viktor"]
[Result "0-1"]
[BlackElo "2001"]
[BlackFideId "54131170"]
[EventDate "2023.05.21"]
[PlyCount "0"]
[WhiteElo "1707"]
[WhiteFideId "3247597"]

1. d4 Nf6 2. Bf4 c5 3. d5 Qb6 4. Nc3 Qxb2 5. Bd2 Qb6 6. e4 d6 7. f4 e6 8. Rb1
Qd8 9. Bb5+ Nbd7 10. dxe6 fxe6 11. e5 a6 12. exf6 axb5 13. fxg7 Bxg7 14. Qh5+
Kf8 15. Nh3 Nf6 16. Qe2 b4 17. Nb5 Qb6 18. Ng5 d5 19. Nc3 Qa6 20. Nb5 Bd7 21.
a4 Qb6 22. O-O Rxa4 23. Nc3 Qa6 24. Qe5 bxc3 25. Qb8+ Ke7 26. Qe5 cxd2 27. f5
Ne8 28. Qg3 Bd4+ 29. Kh1 exf5 30. Nf3 Qg6 31. Qh4+ Qf6 32. Qf4 b5 33. Nxd2 Be5
34. Qf2 Kd6 35. Nb3 d4 36. Rfd1 Qh6 37. g3 Rg8 38. Rd2 Bc6+ 39. Kg1 Rxg3+  0-1

[Event "2023 WA Open"]
[Site "Perth AUS"]
[Date "2023.05.21"]
[Round "1.6"]
[White "King,David"]
[Black "Sheridan,Wallace"]
[Result "1-0"]
[BlackElo "1686"]
[BlackFideId "3206769"]
[EventDate "2023.05.21"]
[PlyCount "0"]
[WhiteElo "1995"]
[WhiteFideId "3246680"]

1. e4 d6 2. d4 Nf6 3. Nc3 e5 4. Nf3 Nbd7 5. Bc4 Be7 6. O-O O-O 7. h3 c6 8. a4 h6
9. Be3 Re8 10. Bb3 exd4 11. Bxd4 Nf8 12. Re1 Be6 13. Bxe6 Nxe6 14. Be3 Nd7 15.
Ne2 Ne5 16. Ng3 Nxf3+ 17. Qxf3 Bf6 18. c3 Ng5 19. Bxg5 Bxg5 20. Red1 Qc7 21.
Nf5 Rad8 22. h4 Bf6 23. Nxh6+ Kf8 24. h5 Qe7 25. Nf5 Qxe4 26. Qxe4 Rxe4 27.
Rxd6 Re2 28. Rb1 Rde8 29. Kf1 Bd8 30. Rxd8 Rxd8 31. Kxe2  1-0

[Event "2023 WA Open"]
[Site "Perth AUS"]
[Date "2023.05.21"]
[Round "1.7"]
[White "Gunawan,Marco"]
[Black "Hardegen,Kathryn"]
[Result "0-1"]
[BlackElo "1924"]
[BlackFideId "3226778"]
[EventDate "2023.05.21"]
[PlyCount "0"]
[WhiteElo "1676"]
[WhiteFideId "3239101"]

1. c4 e5 2. Nf3 Nc6 3. Nc3 Nf6 4. g3 Bb4 5. Qc2 Bxc3 6. bxc3 O-O 7. d3 Re8 8.
Bg2 d6 9. O-O e4 10. Nd4 Nxd4 11. cxd4 Bf5 12. d5 exd3 13. exd3 Nd7 14. Qc3 Nc5
15. d4 Qf6 16. Qb4 Qxd4 17. Be3 Qe5 18. Bxc5 dxc5 19. Qxb7 Qd6 20. Rfe1 h6 21.
Rxe8+ Rxe8 22. Qxa7 Re2 23. Qb8+ Kh7 24. Qb3 Qe5 25. Rc1 g6 26. a3 Qd4 27. Qf3
Ra2 28. h3 h5 29. Bf1 Qd2 30. Rc3 Ra1 31. Kg2 Be4 32. Qxe4 Qxc3 33. Qe7 Kg7 34.
Qxc7 Qe1 35. d6 Qxf1+ 36. Kf3 Rxa3+  0-1

[Event "2023 WA Open"]
[Site "Perth AUS"]
[Date "2023.05.21"]
[Round "1.8"]
[White "Gao,Oscar"]
[Black "Milovanovic,Stevica"]
[Result "1-0"]
[BlackElo "1516"]
[BlackFideId "3237540"]
[EventDate "2023.05.21"]
[PlyCount "0"]
[WhiteElo "1916"]
[WhiteFideId "3235173"]

1. e4 Nc6 2. d4 e6 3. Nf3 d5 4. e5 f6 5. Bd3 fxe5 6. Nxe5 Nf6 7. O-O Be7 8. c3
O-O 9. Bg5 Ne4 10. Nxc6 bxc6 11. Bxe7 Qxe7 12. Bxe4 dxe4 13. Qe2 Rf4 14. Nd2 a5
15. Qe3 e5 16. Nxe4 Ba6 17. Rfe1 Raf8 18. Nc5 Bc4 19. b3 Bd5 20. c4 Bxg2 21.
Kxg2 Qg5+ 22. Kh1 Qf5 23. Qxe5 Qg4 24. Qe6+ Kh8 25. Qxg4 Rxg4 26. Re4 h5 27.
Rxg4 hxg4 28. Kg2  1-0

[Event "2023 WA Open"]
[Site "Perth AUS"]
[Date "2023.05.21"]
[Round "1.9"]
[White "Peiris,Sas"]
[Black "Laubbacher,Jamie"]
[Result "0-1"]
[BlackElo "1904"]
[BlackFideId "3242757"]
[EventDate "2023.05.21"]
[PlyCount "0"]
[WhiteElo "1430"]
[WhiteFideId "9923667"]

1. e4 c5 2. Nf3 d6 3. Bc4 Nf6 4. Nc3 e6 5. d3 Nc6 6. Bg5 Be7 7. b3 a6 8. a3 h6
9. Be3 d5 10. exd5 exd5 11. Qe2 dxc4 12. Bxc5 cxd3 13. cxd3 O-O 14. Be3 Re8 15.
O-O Be6 16. Qd2 Nd5 17. Ne4 Nxe3 18. fxe3 Bf5 19. Qf2 Qxd3 20. Ng3 Bc5 21. Nxf5
Qxf5 22. Rae1 Re7 23. Qd2 Rae8 24. Nd4 Qd7 25. Qc2 Bxd4 26. Kh1 Rxe3 27. Rd1
Re2 28. Qc4 R8e3 29. Rf3 Rxf3  0-1

[Event "2023 WA Open"]
[Site "Perth AUS"]
[Date "2023.05.21"]
[Round "1.10"]
[White "Barry,David"]
[Black "Kerr,Carter"]
[Result "1-0"]
[BlackElo "1257"]
[BlackFideId "3261859"]
[EventDate "2023.05.21"]
[PlyCount "0"]
[WhiteElo "1897"]
[WhiteFideId "3234487"]

1. e4 e5 2. Nf3 Nc6 3. Bb5 a6 4. Ba4 Nf6 5. O-O Be7 6. Re1 d6 7. c3 b5 8. Bc2
Bb7 9. d4 exd4 10. cxd4 Nb4 11. Bb3 Bxe4 12. Bxf7+ Kf8 13. Ng5 Bf5 14. Bb3 d5
15. Ne6+ Bxe6 16. Rxe6 Kf7 17. Re1 Re8 18. Bg5 a5 19. a3 Na6 20. Nc3 c6 21. Qf3
Nc7 22. Bf4 Ne6 23. Be5 Kg8 24. Qh3 Nc7 25. Bc2 h6 26. Qd3 b4 27. Bxf6 Bxf6 28.
Qh7+ Kf8 29. Bg6 Re6 30. axb4 axb4 31. Qh8+ Ke7 32. Rxe6+ Kxe6 33. Rxa8 Qxa8
34. Qxa8 Nxa8 35. Ne2 c5 36. Nf4+ Kd6 37. dxc5+ Kxc5 38. b3 Nc7 39. Kf1 Nb5 40.
Bc2 Na3 41. Bf5 g5 42. Nd3+ Kb5 43. Bd7+ Ka5 44. Ke2 Nb5 45. Bxb5 Kxb5 46. Kf3
h5 47. h3 Bc3 48. g4 h4 49. Ke3 Bf6 50. f4 Kc6 51. Nxb4+ Kc5 52. Nd3+ Kb5 53.
fxg5 Bxg5+ 54. Kd4 Kc6 55. Nb4+ Kd6 56. Nxd5 Bc1 57. b4 Bb2+ 58. Kc4 Ke5 59. b5
Ke4 60. Nc3+ Kf3 61. b6 Bc1 62. Nd5 Ba3 63. b7 Bd6 64. g5 Kg3 65. g6 Kxh3 66.
g7 Bh2 67. g8=Q  1-0

[Event "2023 WA Open"]
[Site "Perth AUS"]
[Date "2023.05.21"]
[Round "1.11"]
[White "Wu,Kobe"]
[Black "Clarke,Daniel"]
[Result "0-1"]
[BlackElo "1880"]
[BlackFideId "3247570"]
[EventDate "2023.05.21"]
[PlyCount "0"]
[WhiteElo "1206"]
[WhiteFideId "3257355"]

1. e4 e5 2. Nf3 Nc6 3. Bc4 Bc5 4. c3 Nf6 5. d3 d6 6. Nbd2 Be6 7. O-O a6 8. Qb3
Na5 9. Qc2 Nxc4 10. Nxc4 O-O 11. Bg5 h6 12. Bh4 g5 13. Nxg5 hxg5 14. Bxg5 Bxc4
15. dxc4 Qe7 16. Qc1 Kh8 17. Bh4 Qe6 18. Qh6+ Nh7 19. Qxe6 fxe6 20. Rad1 Rf4
21. b4 Bb6 22. Bg3 Rxe4 23. c5 dxc5 24. bxc5 Bxc5 25. Rfe1 Rxe1+ 26. Rxe1 Bd6
27. Bxe5+ Bxe5 28. Rxe5 Rd8 29. f3 Rd6 30. Kf2 Rc6 31. Re3 Nf6 32. c4 Kg7 33.
Rc3 b5 34. c5 Nd7 35. Ke3 Rxc5 36. Rxc5 Nxc5 37. Kd4 Nd7 38. Kc3 c5 39. Kb3 Ne5
40. a3 Nd3 41. Kc3 Ne1 42. g3 Nxf3 43. Kb3 e5 44. h4 e4 45. h5 e3 46. g4 e2 47.
Kb2 e1=Q 48. Ka2 Qc1 49. a4 Nd2 50. h6+ Kg6 51. g5 Qb1+ 52. Ka3 b4#  0-1

[Event "2023 WA Open"]
[Site "Perth AUS"]
[Date "2023.05.21"]
[Round "1.12"]
[White "Gunawan,Tjermin"]
[Black "Kerr,Lennon"]
[Result "0-1"]
[BlackElo "860"]
[BlackFideId "3261735"]
[EventDate "2023.05.21"]
[PlyCount "0"]
[WhiteElo "1865"]
[WhiteFideId "3239110"]

1. d4 d5 2. Nf3 Nf6 3. e3 e6 4. Bd3 c5 5. b3 Nc6 6. Bb2 Bd6 7. Nbd2 O-O 8. a3
Re8 9. Ne5 Qc7 10. f4 cxd4 11. exd4 Bd7 12. O-O Rad8 13. Rf3 Qb6 14. c3 Bxe5
15. fxe5 Nxe5 16. Rh3 Nxd3 17. Rxd3 e5 18. Kh1 Ng4 19. Rf3 e4 20. Rf4 e3 21.
Kg1 Qh6 22. Rxg4 Bxg4 23. Nf3 e2 24. Qe1 Bxf3 25. gxf3 Qe3+  0-1

[Event "2023 WA Open"]
[Site "Perth AUS"]
[Date "2023.05.28"]
[Round "2.1"]
[White "Gong,Patrick"]
[Black "Barry,David"]
[Result "1-0"]
[BlackElo "1897"]
[BlackFideId "3234487"]
[EventDate "2023.05.21"]
[PlyCount "0"]
[WhiteElo "2536"]
[WhiteFideId "3222500"]

1. c4 Nf6 2. g3 e6 3. Bg2 d5 4. Nf3 c5 5. cxd5 exd5 6. d4 cxd4 7. Nxd4 Nc6 8.
O-O Bc5 9. Nxc6 bxc6 10. Qc2 Qb6 11. Nc3 Be7 12. Be3 Qa6 13. Bd4 O-O 14. Rfd1
Be6 15. Rac1 Rac8 16. Qa4 Rfd8 17. Qxa6  1-0

[Event "2023 WA Open"]
[Site "Perth AUS"]
[Date "2023.05.28"]
[Round "2.2"]
[White "Laubbacher,Jamie"]
[Black "Hare,Tim"]
[Result "1/2-1/2"]
[BlackElo "2263"]
[BlackFideId "4300629"]
[EventDate "2023.05.21"]
[PlyCount "0"]
[WhiteElo "1904"]
[WhiteFideId "3242757"]

1. e4 d6 2. d4 Nf6 3. f3 Nbd7 4. c4 e5 5. d5 Be7 6. Nc3 c6 7. Be3 Qc7 8. Nge2 h6
9. Qd2 a5 10. g4 g5 11. Ng3 Nf8 12. c5 Ng6 13. cxd6 Bxd6 14. Rc1 Qe7 15. Nf5
Bxf5 16. exf5 Nf4 17. Bxf4 exf4+ 18. Be2 Nxd5 19. Nxd5 cxd5 20. Kf1 O-O 21. Kg2
Qe3 22. Qxe3 fxe3 23. Rhd1 Rac8 24. Rxc8 Rxc8 25. Rxd5 Bb4 26. a3 Bd2 27. f6
Bc1 28. b4 axb4 29. axb4 Bb2 30. Rd6 Be5 31. Rd3 Bf4 32. h3 b6 33. Rd5 Re8 34.
Kf1 Rc8 35. Bd3 Bc7 36. Ke2 Rd8 37. Rxd8+ Bxd8  1/2-1/2

[Event "2023 WA Open"]
[Site "Perth AUS"]
[Date "2023.05.28"]
[Round "2.3"]
[White "Clarke,Daniel"]
[Black "Teh,Rui Gen"]
[Result "0-1"]
[BlackElo "2175"]
[BlackFideId "5749476"]
[EventDate "2023.05.21"]
[PlyCount "0"]
[WhiteElo "1880"]
[WhiteFideId "3247570"]

1. e4 c5 2. Nf3 g6 3. d4 cxd4 4. Nxd4 Nf6 5. Nc3 d6 6. Bc4 Bg7 7. f3 a6 8. Be3
Nbd7 9. Bb3 Qc7 10. Qd2 h5 11. Nde2 Rb8 12. Nf4 b5 13. Ncd5 Qd8 14. c3 Bb7 15.
Nxf6+ Nxf6 16. Ba7 Rc8 17. Qf2 Qc7 18. Bd4 Qd7 19. Nd5 Bxd5 20. Bxf6 Bxf6 21.
Bxd5 Rc5 22. O-O O-O 23. Rfc1 Rfc8 24. Bb3 Qb7 25. Qc2 Qb6 26. Kf1 Kg7 27. Qd3
b4 28. Rc2 bxc3 29. bxc3 Rxc3 30. Rxc3 Rxc3 31. Qd5 Rxb3  0-1

[Event "2023 WA Open"]
[Site "Perth AUS"]
[Date "2023.05.28"]
[Round "2.4"]
[White "Spirin, Viktor"]
[Black "Hernandez Mendez,Iker"]
[Result "1-0"]
[BlackElo "1842"]
[BlackFideId "3243214"]
[EventDate "2023.05.21"]
[PlyCount "0"]
[WhiteElo "2001"]
[WhiteFideId "54131170"]

1. d4 Nf6 2. c4 e6 3. Nf3 c5 4. g3 cxd4 5. Nxd4 d5 6. Bg2 e5 7. Nf3 d4 8. O-O
Nc6 9. e3 d3 10. Nc3 Bg4 11. h3 Bh5 12. e4 Nd4 13. Qa4+ b5 14. Nxb5 Nxf3+ 15.
Bxf3 d2 16. Bxd2 Qxd2 17. Rad1 Qxb2 18. Rb1 Qd2 19. Rfd1 Qxd1+ 20. Rxd1 Bc5 21.
Nc7+ Ke7 22. Bxh5 Rad8 23. Nd5+ Rxd5 24. Rxd5 Nxd5 25. cxd5 Rd8 26. Qc6 Bd6 27.
Qb7+ Rd7 28. Qa8 g6 29. Be2 h5 30. Bb5 Rd8 31. Qxa7+ Kf6 32. Qb6 Ke7 33. Qc6
Kf8 34. a4 Kg7 35. a5 Bb8 36. a6 Ba7 37. Qc7 Rb8 38. Qxa7 Rxb5 39. Qc7 Rb1+ 40.
Kg2 Kf6 41. a7 Ra1 42. a8=Q Rxa8 43. Qc6+ Kg7 44. Qxa8  1-0

[Event "2023 WA Open"]
[Site "Perth AUS"]
[Date "2023.05.28"]
[Round "2.5"]
[White "Andador,Dominador"]
[Black "King,David"]
[Result "1-0"]
[BlackElo "1995"]
[BlackFideId "3246680"]
[EventDate "2023.05.21"]
[PlyCount "0"]
[WhiteElo "1842"]
[WhiteFideId "3239080"]

1. d4 d5 2. Nf3 Nf6 3. Bf4 c5 4. c3 e6 5. e3 Nc6 6. Bd3 Bd6 7. Ne5 Qc7 8. Nxc6
Bxf4 9. exf4 Qxc6 10. dxc5 Qxc5 11. Nd2 O-O 12. O-O b6 13. Qf3 Bb7 14. Rfe1 Qc7
15. Re5 Rfd8 16. Qh3 h6 17. Qh4 Nd7 18. Re3 Nc5 19. Nf3 Nxd3 20. Rxd3 a5 21.
Re3 b5 22. Rae1 b4 23. Nd4 bxc3 24. bxc3 Bc8 25. g4 Rf8 26. g5 hxg5 27. fxg5 e5
28. Nf3 $155 Qc4 29. Qxc4 dxc4 30. Nxe5 Be6 31. g6 Rfc8 32. Rf3 f6 33. Nf7 Bxf7
34. gxf7+ Kxf7 35. Re4 Rab8 36. Rf5 Rb1+ 37. Kg2 Rc1 38. Re3 Ra8 39. Rc5 a4 40.
Rxc4 Rc2 41. a3 g5 42. Rc6 Rb8 43. Rf3 Rb3 44. Rfxf6+ Ke7 45. Rh6 Kd7 46. Ra6
Rcxc3 47. Ra7+ Kc8 48. Rh8#  1-0

[Event "2023 WA Open"]
[Site "Perth AUS"]
[Date "2023.05.28"]
[Round "2.7"]
[White "Kerr,Lennon"]
[Black "Gao,Oscar"]
[Result "1/2-1/2"]
[BlackElo "1916"]
[BlackFideId "3235173"]
[EventDate "2023.05.21"]
[PlyCount "0"]
[WhiteElo "860"]
[WhiteFideId "3261735"]

1. e4 e5 2. Nf3 Nc6 3. Bc4 f5 4. d3 Nf6 5. Nc3 Bb4 6. O-O d6 7. Ng5 Qe7 8. Bf7+
Kd8 9. Nd5 Nxd5 10. Bxd5 Ke8 11. c3 Bc5 12. Nf7 Rf8 13. b4 Rxf7 14. Bxf7+ Qxf7
15. bxc5 dxc5 16. Qb3 Qg6 17. f3 f4 18. Ba3 b6 19. Rad1 Bh3 20. Rf2 Rd8 21. Kh1
Be6 22. Qc2 h5 23. Bc1 Rd7 24. Rfd2 h4 25. Bb2 Bxa2 26. c4 Na5 27. Qc3 Re7 28.
Ra1 Nb3 29. Rxa2 Nxd2 30. Qxd2 a5 31. Bc3 Qd6 32. Ra1 g5 33. Rd1 Qe6 34. h3 Kd7
35. Qa2 Re8 36. Rb1 Ra8 37. Qa4+ Kd6 38. Rb5 Qe8 39. Qa1 Qe6 40. Qb2 Rd8 41.
Kg1 Kc6 42. Qc2 Qd6 43. Qa4 Qxd3 44. Rxa5+ Kd6 45. Ra8 Rxa8 46. Qxa8 Qe3+ 47.
Kh2 Qxc3 48. Qd8+ Ke6 49. Qe8+ Kf6 50. Qc6+ Ke7 51. Qxc7+ Ke8 52. Qc8+ Ke7 53.
Qc7+ Ke8 54. Qc8+ Ke7 55. Qc7+  1/2-1/2

[Event "2023 WA Open"]
[Site "Perth AUS"]
[Date "2023.05.28"]
[Round "2.9"]
[White "Ashok,Akash"]
[Black "Shah Mansouri,Kevin"]
[Result "1/2-1/2"]
[BlackElo "1947"]
[BlackFideId "0"]
[EventDate "2023.05.21"]
[PlyCount "0"]
[WhiteElo "734"]
[WhiteFideId "3261417"]

1. d4 d5 2. c4 e6 3. Nf3 Nf6 4. g3 b6 5. Bg2 Bb7 6. Nc3 Nbd7 7. cxd5 exd5 8. Bf4
c6 9. O-O Bb4 10. a3 Bxc3 11. bxc3 Ne4 12. Qc2 O-O 13. c4 c5 14. cxd5 Bxd5 15.
Rfd1 c4 16. Nd2 f5 17. Nxe4 fxe4 18. Bxe4 Nf6 19. Bxd5+ Qxd5 20. Rac1 b5 21. a4
a6 22. axb5 axb5 23. Bd2 Ne4 24. Be1 Ra6 25. f3 Ng5 26. h4 Nf7 27. Bb4 Rfa8 28.
e4 Qh5 29. Rf1 Ra2 30. Qb1 Ng5 31. Rc3 Nh3+ 32. Kh1 Nf2+ 33. Kg1 Nh3+ 34. Kh1
R8a4 35. Bc5 Nf2+ 36. Kg1 Nh3+ 37. Kh1 Nf2+ 38. Kg1  1/2-1/2

[Event "2023 WA Open"]
[Site "Perth AUS"]
[Date "2023.05.28"]
[Round "2.11"]
[White "Gough,Dylan"]
[Black "Ashok,Anish"]
[Result "1-0"]
[BlackElo "458"]
[BlackFideId "3261662"]
[EventDate "2023.05.21"]
[PlyCount "0"]
[WhiteElo "1745"]
[WhiteFideId "3243176"]

1. d4 d5 2. c4 e6 3. Nf3 Nf6 4. Nc3 Bd6 5. c5 Be7 6. Bf4 Nc6 7. Nb5 O-O 8. Nxc7
Bd7 ( 8... e5 { equalizes} )9. Nxa8 Qxa8 10. e3 Ne4 11. a3 a5 12. Bd3 a4 13.
O-O f6 14. Qc2 f5 15. Bb5 Nb8 16. Bxd7 Nxd7 17. Ne5 Ndf6 18. f3 Rc8 19. fxe4
Nxe4 20. Nd7 Qa5 21. Qe2 g5 22. Be5 h6 23. Qh5 Qd2 24. Qg6#  1-0

[Event "2023 WA Open"]
[Site "Perth AUS"]
[Date "2023.05.28"]
[Round "2.14"]
[White "Milovanovic,Stevica"]
[Black "Gunawan,Tjermin"]
[Result "0-1"]
[BlackElo "1865"]
[BlackFideId "3239110"]
[EventDate "2023.05.21"]
[PlyCount "0"]
[WhiteElo "1516"]
[WhiteFideId "3237540"]

1. e4 c6 2. d4 d5 3. f3 Qb6 4. Nc3 e6 5. a3 c5 6. Be3 Nf6 7. dxc5 Bxc5 8. Bxc5
Qxc5 9. exd5 exd5 10. Bb5+ Nc6 11. Qe2+ Be6 12. Qd3 O-O 13. b4 Qe7 14. Nge2 Ne5
15. Qd4 Ng6 16. O-O a6 17. Bd3 Qd7 18. Nf4 Nxf4 19. Qxf4 Rac8 20. Ne2 Qc7 21.
g4 h6 22. h3 Rfe8 23. Qd4 Bd7 24. Qf4 Re5 25. Nd4 Rce8 26. Nf5 Bxf5 27. gxf5
Qb6+ 28. Kg2 Qe3 29. Qg3 Nh5 30. Qf2 Nf4+ 31. Kh2 Nxd3 32. Qxe3 Rxe3 33. cxd3
Rxd3 34. Kg3 Ree3 35. a4 Ra3 36. a5 Rxa1 37. Rxa1 Rb3 38. Rd1 Rxb4 39. Rxd5 Kf8
40. Re5 f6 41. Rc5 Rb5 42. Rc8+ Kf7 43. Rc7+ Kg8 44. Kg4 h5+ 45. Kxh5 Rxf5+ 46.
Kg4 Rb5 47. h4 Kh7 48. f4 Kh6 49. Rf7 Kg6 50. Rd7 f5+ 51. Kf3 Rb3+ 52. Kg2 Kh6
53. Rf7 g6 54. Re7 Rb5 55. Re5 Rb2+ 56. Kf3 Kh5 57. Kg3 Rb3+ 58. Kf2 Kxh4 59.
Re7 Kg4 60. Re3 Rb2+ 61. Ke1 Kxf4  0-1

[Event "2023 WA Open"]
[Site "Perth AUS"]
[Date "2023.05.28"]
[Round "2.15"]
[White "Peiris,Sas"]
[Black "Gulley,Trent"]
[Result "0-1"]
[BlackElo "1839"]
[BlackFideId "3241670"]
[EventDate "2023.05.21"]
[PlyCount "0"]
[WhiteElo "1430"]
[WhiteFideId "9923667"]

1. e4 c5 2. Nf3 d6 3. c3 Nf6 4. Be2 Nc6 5. d4 cxd4 6. cxd4 Nxe4 7. d5 Qa5+ 8.
Nc3 Nxc3 9. bxc3 Nd8 10. O-O g6 11. Rb1 Bd7 12. Qd4 f6 13. Re1 Qc5 14. Qf4 Qxd5
15. Bc4 Qf5 16. Be3 Qxf4 17. Bxf4 e5 18. Be3 b6 19. Nd4 Rc8 20. Bb5 Rxc3 21.
Bxd7+ Kxd7 22. Nb5 Rc2 23. Nxa7 Rxa2 24. Bxb6 Bh6 25. Bxd8 Rxd8 26. Rb7+ Ke6
27. Rxh7 Bd2 28. Rd1 Ra8 29. Nc6 Ra1 30. Re7+ Kf5 31. g4+ Kxg4 32. Rxa1 Rxa1+
33. Kg2 d5 34. Rg7 g5 35. Ne7 Ra5 36. h3+ Kf4 37. Ng6+ Ke4 38. f3+ Kf5 39. Ne7+
Ke6 40. Ng8 Ra8 41. Nh6 d4 42. Ng4 Bf4 43. Rb7 Rd8 44. Nf2 d3 45. Rb6+ Kf7 46.
Ne4 d2 47. Nxd2 Rxd2+ 48. Kf1 Rh2  0-1

[Event "2023 WA Open"]
[Site "Perth AUS"]
[Date "2023.05.28"]
[Round "2.16"]
[White "Taylor,Noah"]
[Black "Wu,Kobe"]
[Result "1-0"]
[BlackElo "1206"]
[BlackFideId "3257355"]
[EventDate "2023.05.21"]
[PlyCount "0"]
[WhiteElo "1771"]
[WhiteFideId "3250121"]

1. e4 e5 2. Nf3 Nc6 3. Bc4 Nf6 4. d3 Bc5 5. Nc3 d6 6. h3 h6 7. Be3 Bxe3 8. fxe3
O-O 9. O-O Re8 10. d4 exd4 11. exd4 Nxe4 12. Bxf7+ Kxf7 13. Nxe4 Kg8 14. Re1
Bf5 15. Ng3 Bg6 16. c3 Rxe1+ 17. Qxe1 Qe8 18. d5 Ne5 19. Nxe5 Qxe5 20. Qxe5
dxe5 21. Re1 Re8 22. Ne4 Bf7 23. c4 Bg6 24. Nc5 b6 25. Ne6 e4 26. Nxc7 Rc8 27.
d6 Rd8 28. Rd1 h5 29. Kf1 Rf8+ 30. Ke1 Bf5 31. b4 Bd7 32. c5 bxc5 33. bxc5 Bc6
34. Ne6 Ba4 35. Nxf8 Bxd1 36. d7 Bc2 37. d8=Q e3 38. Qe7 a6 39. Ne6 Kh7 40.
Qxg7#  1-0

[Event "2023 WA Open"]
[Site "Perth AUS"]
[Date "2023.05.28"]
[Round "2.17"]
[White "Kerr,Carter"]
[Black "Huang,Hui"]
[Result "1-0"]
[BlackElo "1707"]
[BlackFideId "3247597"]
[EventDate "2023.05.21"]
[PlyCount "0"]
[WhiteElo "1257"]
[WhiteFideId "3261859"]

1. e4 Nf6 2. Nc3 e5 3. f4 d5 4. fxe5 Nxe4 5. Qf3 f5 6. d3 Nxc3 7. bxc3 d4 8. Nh3
Be7 9. Be2 O-O 10. O-O Nc6 11. Qg3 dxc3 12. Be3 Qd5 13. Bf3 Qxe5 14. Bxc6 f4
15. Rxf4 Rxf4 16. Qxf4 Qxf4 17. Bxf4 bxc6 18. Bxc7 Ba3 19. Re1 Ba6 20. Nf4 Bc5+
21. Kh1 Bd4 22. Re4 c5 23. Ne6 Rc8 24. Bd6 Rc6 25. Nd8 g5 26. Nxc6 Bxd3 27.
Rxd4 cxd4 28. cxd3 c2 29. Ba3  1-0

[Event "2023 WA Open"]
[Site "Perth AUS"]
[Date "2023.06.04"]
[Round "3.1"]
[White "Spirin, Viktor"]
[Black "Gong,Patrick"]
[Result "0-1"]
[BlackElo "2536"]
[BlackFideId "3222500"]
[EventDate "2023.05.21"]
[PlyCount "0"]
[WhiteElo "2001"]
[WhiteFideId "54131170"]

1. e4 d6 2. d4 Nf6 3. Nc3 g6 4. f4 Bg7 5. Bd3 O-O 6. Nf3 Na6 7. O-O c5 8. d5 Bg4
9. a3 Nc7 10. h3 Bxf3 11. Qxf3 Rb8 12. a4 b6 13. Be3 a6 14. Kh1 Nd7 15. Qe2 Qc8
16. Qg4 b5 17. axb5 axb5 18. Ra7 c4 19. Be2 f5 20. Qf3 b4 21. Nd1 Nb5 22. Ra2
b3 23. cxb3 cxb3 24. Ra4 Nf6 25. exf5 Qxf5 26. g4 Qc8 27. Bc4 Nc7 28. Ba7 Rb7
29. Bxb3 Nd7 30. Bd4 Qb8 31. Ba2 Bxd4 32. Rxd4 Qa7 33. Qe3 Qxa2 34. Qxe7 Rf7
35. Qxd6 Nb5 36. Qc6 Qb3 37. Rd2 Qxh3+ 38. Kg1 Nf8 39. Rg2 Qd3 40. f5 Nd4 41.
Qd6 Nf3+ 42. Kf2 Rb3 43. Qf4 Qc2+ 44. Kg3 Ne1+ 45. Ne3 Qxg2+ 46. Kh4 Rxe3  0-1

[Event "2023 WA Open"]
[Site "Perth AUS"]
[Date "2023.06.04"]
[Round "3.2"]
[White "Teh,Rui Gen"]
[Black "Hardegen,Kathryn"]
[Result "1-0"]
[BlackElo "1924"]
[BlackFideId "3226778"]
[EventDate "2023.05.21"]
[PlyCount "0"]
[WhiteElo "2175"]
[WhiteFideId "5749476"]

1. e4 e5 2. Nf3 Nc6 3. Bc4 Be7 4. O-O Nf6 5. d3 O-O 6. Re1 d6 7. c3 a6 8. Bb3 d5
9. exd5 Nxd5 10. Nxe5 Nxe5 11. Rxe5 c6 12. h3 Bd6 13. Re1 Bf5 14. Qf3 Re8 15.
Rd1 Qe7 16. Nd2 Bg6 17. Ne4 Bc7 18. Bd2 Bxe4 19. dxe4 Qxe4 20. Qxe4 Rxe4 21.
Bxd5 cxd5 22. Be3 Rd8 23. Rd3 f5 24. Kf1 Kf7 25. Rad1 Ke6 26. Bd4 Kf7 27. Bc5
Rc4 28. Ba3 Ke6 29. f3 Bg3 30. Re3+ Kf7 31. Re7+ Kg6 32. Rxb7 Rc6 33. Re7 h5
34. Rd4 h4 35. Ke2 Kf6 36. Ke3 Rb6 37. Ra7 Ke6 38. Ra4 Re8 39. R4xa6  1-0